Deutsche Fußball-Nationalspieler 2014 - Statistiken

Allgemein
  • Dieses Quiz wurde 400 mal gespielt
  • Das Durchschnittsergebnis liegt bei 21 aus 42
Antwortstatistiken
Hint Antwort % Korrekt
Tor Manuel Neuer
100%
Angriff Miroslav Klose
93%
Abwehr Philipp Lahm
91%
Mittelfeld Bastian Schweinsteiger
90%
Mittelfeld Mario Götze
90%
Abwehr Jérôme Boateng
89%
Abwehr Mats Hummels
89%
Mittelfeld Thomas Müller
89%
Mittelfeld Toni Kroos
84%
Angriff André Schürrle
80%
Tor Marc-André ter Stegen
80%
Mittelfeld Sami Khedira
80%
Mittelfeld Mesut Özil
78%
Tor Roman Weidenfeller
72%
Angriff Lukas Podolski
70%
Abwehr Per Mertesacker
69%
Abwehr Benedikt Höwedes
67%
Tor Ron-Robert Zieler
66%
Mittelfeld Marco Reus
62%
Mittelfeld Christoph Kramer
59%
Abwehr Kevin Großkreutz
58%
Angriff Mario Gomez
57%
Mittelfeld Julian Draxler
51%
Abwehr Erik Durm
49%
Abwehr Shkodran Mustafi
49%
Abwehr Matthias Ginter
43%
Abwehr Marcel Schmelzer
33%
Mittelfeld Lars Bender
23%
Abwehr Antonio Rüdiger
21%
Mittelfeld Leon Goretzka
18%
Abwehr Jonas Hector
17%
Angriff Kevin Volland
15%
Angriff Max Kruse
15%
Mittelfeld Max Meyer
13%
Abwehr Marcell Jansen
12%
Abwehr Christian Günter
11%
Mittelfeld Karim Bellarabi
10%
Mittelfeld Sebastian Rudy
10%
Mittelfeld Maximilian Arnold
8%
Mittelfeld André Hahn
7%
Abwehr Oliver Sorg
5%
Abwehr Sebastian Jung
5%
Keine übereinstimmenden Quizze gefunden
Verteilung der Resultate
Anzahl Personen mit jedem Resultat
Perzentil nach korrekt beantworteten Fragen
Ihre Resultats-Entwicklung
Sie haben dieses Quiz noch nicht gespielt